Quizzes
Events
Quiz Creation
Community
Videos
Private Events
Remove Ads
Sign In
Join for FREE
Feedback
Dark Mode
Quiz Categories
Sports
Geography
Music
Movies
Television
Just For Fun
Miscellaneous
History
Literature
Language
Science
Gaming
Entertainment
Religion
Holiday
For Kids
Quiz Lab
Recent
Popular Today
Quiz Kudos Today
Editor Picks
Curator Picks
Quizzes by...
Day
Popularity
Type
Ratings
Length
Year
Community
Subscriptions
Recent Discussions
Orange Saloon
Badges
Playlists
Quests
Create
Leaderboards
Showdown
Live 5
Trivia Bingo
Activity
Puzzle Library
Sporcle Events
Private Events
Virtual Trivia
Globe League
Become a Host
Pub Owners
SporcleCon
Opinionation
Our Games
Videos
Blog
Mobile Apps
Partnerships
Remove Ads and Go Orange
Feedback
Television
TV Characters
TV Show
Sitcom
Network
Friends
Reality Shows
Cast
South Park
Star Trek
The Simpsons
Doctor Who
Television
TV Characters
TV Show
Sitcom
Network
Friends
Reality Shows
Cast
South Park
Star Trek
The Simpsons
Doctor Who
Random Quiz
Search Sporcle
×
Quiz Lab
Quiz Lab
Television
Quote
Type in answers that appear in a list
Type in answers that appear in a list
Classic
Best Score? Go Orange.
Friends Quotes: Who said this? Stats
Can you name the Friends character who said each quote?
By
xjules2311
5m
37 Questions
8,481 Plays
8,481 Plays
8,481 Plays
Comments
Comments
Give Quiz Kudos
Give Quiz Kudos
-
- Ratings
hide this ad
Forced Order
Answers have to be entered in order
Answers have to be entered in order
Replay
Link that replays current quiz
Next Quiz
Link to next quiz in quiz playlist
You Got
0%
They Got
Avg Score
87%
Avg Friend Score
Upgrade to see
Score Distribution
Jump to the score distribution portion of the page
Score
0/37
Timer
05:00
0
Plays Today
Quote
Characters
% Correct
You-
you-
you-
you (trying to remain in control) threw my sandwich away MY SANDWICH?!!! MY SANDWICH!!!!!!
Ross
97.4%
I grew up in a house with Monica, okay. If you didn't eat fast, you didn't eat.
Ross
97.4%
You can't have Thanksgiving without turkey. That's like Fourth of July without apple pie, or Friday with no two pizzas.
Joey
96.7%
Fine! Judge all you want to but, married a lesbian, left a man at the altar, fell in love with a gay ice dancer, threw a girl’s wooden leg in a fire, livin’ in a box!!
Monica
95.6%
I'm not so good with the advice... Can I interest you in a sarcastic comment?
Chandler
94.9%
I can handle this. 'Handle' is my middle name. Actually, 'handle' is the middle of my first name.
Chandler
94.9%
First divorce: wife's hidden sexuality, not my fault. Second divorce: said the wrong name at the altar, kind of my fault. Third divorce: they shouldn't let you get married when you
Ross
94.2%
'If I'm gonna be an old, lonely man, I'm gonna need a thing, you know, a hook, like that guy on the subway who eats his own face. So I figure I'll be Crazy Man with a Snake, y’kn
Chandler
94.1%
Oh my God. I've become my father. I've been trying so hard not to become my mother, I didn't see this coming.
Rachel
94%
You can't fire me. I make your decisions and I say, 'I'm not fired.' Ha.
Monica
93.6%
Ok, you have to stop the Q-
tip when there's resistance!
Chandler
93.5%
There was a crooked man, who had a crooked smile, who lived in a shoe, for a... while...
Phoebe
93.1%
Yes My New name is Princess Consuela Banana Hammock.
Phoebe
92.7%
I'm dating a guy whose pool I once peed in.
Monica
92.5%
If you want to receive e-
mails about my upcoming shows, then please give me money so I can buy a computer.
Phoebe
92.5%
There my new 'I don't need a job, I don't need my father, I got great boots' boots!
Rachel
90%
I can't say hump or screw in front of the b-
a-
b-
y... I just spelled the wrong words didn't I?
Chandler
89.9%
They build you up like..'yeah, you look 19' and then they just take it away like..'no you don't'
Joey
89.3%
Joey ate my last stick of gum, so I killed him. Do you think that was wrong?
Chandler
89.3%
Quote
Characters
% Correct
Ah, salmon skin roll.
Rachel
89.1%
'I'm late for...uhhh...my Green Eggs and Eggs discussion group. Tonight is why he would not eat them on a train.
Phoebe
88.9%
Now you stand out there and think about what you did! And when you come back in, I hope you'll remember that, the chick is NOT a toy!
Chandler
88.8%
Isn't that just kick you in the crotch spit on your neck fantastic?
Rachel
88.5%
Wait a minute let, let me get this straight-
you are saying that I have become so winey that I annoy you? Janice.
Ross
88.3%
Ross, this is not a marriage. It's the world's worst hang over.
Rachel
87.3%
Oh the cow in the meadow goes 'moo.' Oh the cow in the meadow goes 'moo.' Then the farmer hits him on the head and grinds him up and that's how we get hamburger. Nooowww chickens!
Phoebe
87%
Hey, just so you know: it's *not* that common, it *doesn't* 'happen to every guy, ' and it *is* a big deal!
Rachel
84.4%
Guys can fake it? Unbelievable! The one thing that's ours!
Monica
83.1%
Dinner for 6 for one. You boys are about to see someting REALLY special.
Joey
83%
All right, kids, I gotta get to work. If I don't input those numbers... it doesn't make much of a difference.
Chandler
79.8%
What? You made a bet. A bet is a bet. You bet on a bet, and if you lose you lose the bet.
Joey
78.8%
Hey, if we were in prison, you guys would be like my bitches
Phoebe
78.3%
Well, if I were a guy...Wait, did I just say 'If I were a guy'?
Chandler
76.8%
This has been like my dream ever since I got my first Easy-
Bake Oven and opened 'Easy Monica's Bakery'
Monica
72.2%
Eww, Lambchop. How old is that sock? If I had a sock in my hand for thirty years it'd be talking too.
Chandler
67.8%
Hey, you know, I have had it with you guys and your 'cancer' and your 'emphysema' and your 'heart disease.' The bottom line is smoking is cool and you know it.
Chandler
66.1%
Hey, hey, it's fine, it's totally fine. We've got plenty of margaritas, it's all good.
Ross
66%
Quiz Playlist
Details
Report
Send in Message
Add To Playlist
Classic:
Type in answers that appear in a list
Forced Order:
Answers have to be entered in order
Last Updated: Feb 16, 2017
Quiz Scoreboard
CHALLENGE
Sign Up to Join the Scoreboard
Show All
Scores
Hide
Comments
May contain spoilers
Recently Published
College Basketball Coaching Resumes
by pancakes188
Sports
9m
Billboard Blitz: Fleetwood Mac
by CooCooCachoo
Music
15s
Presidents Visiting Landmarks
by Hejman
History
7m
More to Explore
Quiz From the Vault
Featured Blog Post
Where Did the Easter Bunny Come From?
hide this ad
You Might Also Like...
Tags
Friends Quiz
Quote Quiz
Character
Today's Top Quizzes in Television
Browse Television
hide this ad
Today's Top Quizzes in Quote
Browse Quote
Top Contributed Quizzes in Television
1
5-to-1: The Simpsons Families
2
5-to-1: Television Doctors
3
7-to-1: TV Show Settings
4
5-to-1: Streaming Originals
5
One Piece Logic Puzzle
6
Survivor Seasons
7
Survivor Logic Puzzle: Heroes vs. Villains
8
All US Survivor Seasons in Order
9
TV Shows by First Names
10
Survivor Season by Logo
Explore More
Trending Topics
Kpop
Crossword
Disney
Harry Potter
Marvel
Anime
NBA
Pokémon
Soccer
Puzzle
WWE
The Office
NFL
Country
Song
hide this ad
More By:
xjules2311
Quiz
Plays
Rating
Category
Featured
Created
Friends Quotes: Who said this?
8,481
3.68
Television
Feb 24, 2010
Name that billy joel song
199
3.00
Music
Mar 10, 2010
Go to Creator's Profile
Score Distribution
Quiz Creator Spotlight
xjules2311
Follow
Send a Message
Quizzes Created
-
Created Quiz Play Count
-
More By This Creator
Popular Quizzes Today
1
Find the US States - No Outlines Minefield
2
Find the Countries of Europe - No Outlines Minefield
3
The Countries of the World
4
Find the US States
5
Risky Map Clicking: Biggest States A-Z
6
US States
7
Popular People in 1961
8
Movies - When Are They Set?
More Television Quizzes
TV Actors who Died in the 2000s
Quiz Lab
Trending Quizzes
Risky Map Clicking: Least Populous States A-Z
1-10 Letter G Words
1-10 Letter F Words
Risky Map Clicking: Next State Alphabetically
Risky Map Clicking: Biggest States A-Z
Recently Updated
Leaping Animals
pecheneg
Reality TV Shows (A-Z)
bhenderson79
Rickey Henderson's Hall of Fame Teammates
pecheneg
Champions League XIs: Arsenal
pecheneg
Quick Pick: Celebrities in WWE's Hall of Fame
aduchscher
A-Z Keypad Blitz II
pecheneg
Multiple Oscar Actors
pecheneg
Mystery Phrase Blitz: Oscar 'Best Actors'
pecheneg
F. Scott Fitzgerald Novels
LTH
Pick 3 Villains
ddd62291
Trending Topics
Anime
Marvel
Kpop
Crossword
NBA
Disney
Harry Potter
NFL
Pokémon
The Office
Song
Puzzle
WWE
Country
Soccer
Your Account Isn't Verified!
In order to create a playlist on Sporcle, you need to verify the email address you used during registration. Go to your
Sporcle Settings
to finish the process.
Report this User
Report this user for behavior that violates our
Community Guidelines
.
Details:
Send Report
Go to the Sporcle.com Mobile Site →
Comments